Obsedantno-kompulzívny syndróm a fóbie

Efektívna edukácia a pomoc v čase psychického diskomfortu. Obsedantno-kompulzívna porucha osobnosti. Typy obsedantno-kompulzívnych porúch. Fóbia, sociofóbia a panické stavy.

Salvato in:
Dettagli Bibliografici
Autore principale: Soroková, Tatiana
Natura: Capitolo di libro
Lingua:slovacco
Soggetti:
Tags: Aggiungi Tag
Nessun Tag, puoi essere il primo ad aggiungerne!!

MARC

LEADER 00000naa a2200000 4500
001 0281918
005 20240417075153.4
041 0 |a slo 
044 |a SK 
245 1 0 |a Obsedantno-kompulzívny syndróm a fóbie  |c Tatiana Soroková 
520 |a Efektívna edukácia a pomoc v čase psychického diskomfortu. Obsedantno-kompulzívna porucha osobnosti. Typy obsedantno-kompulzívnych porúch. Fóbia, sociofóbia a panické stavy. 
610 2 0 |a výchova 
610 2 0 |a zdravie 
610 2 0 |a zdravie duševné 
610 2 0 |a psychológia 
610 2 0 |a psychológia pedagogická 
100 1 |a Soroková, Tatiana